000 00852pam a2200277 a 4500
999 _c129907
_d129907
001 1460886
003 ARRUPE
005 20191016084930.0
008 860430t19871986enk b 001 0 eng
010 _a 86011774
020 _a0631142215 :
_c$45.00 (U.S.)
040 _aDLC
_cDLC
_dDLC
050 0 0 _aB840
_b.W65 1986
082 0 0 _a121/.6
_219
100 1 _aWright, Crispin,
_d1942-
_941339
245 1 0 _aRealism, meaning, and truth /
_cCrispin Wright.
260 _aOxford, UK ;
_aNew York, NY, USA :
_bB. Blackwell,
_c1987, c1986.
300 _axii, 386 p. ;
_c24 cm.
500 _aIncludes index.
504 _aBibliography: p. [363]-375.
650 0 _aSemantics (Philosophy)
_948312
650 0 _aMeaning (Philosophy)
_93257
650 0 _aRealism.
_911315
906 _a7
_bcbc
_corignew
_d1
_eocip
_f19
_gy-gencatlg
942 _2lcc
_cMONOGRAPH